Szczegóły MARC21

Zasadnicze zagadnienia filozofii /

003 -Nazwa inst., której nr kontr. jest w polu 001 [,]
    • @
    • Nazwa instytucji, której n kontrolny jest w polu 001
    • NUKAT
005 -DATA I CZAS OSTATNIEJ MODYFIKACJI [,]
    • @
    • pole kontrolne
    • 20241231115241.0
020 -Międzynarod. znormalizowany nr książki - ISBN [ , ]
    • a
    • Numer ISBN
    • 8305118541 Find
040 -Instytucja sporządzająca opis [ , ]
    • a
    • Instytucja, która sporządziła opis (NP)
    • Ł U/MK
    • b
    • Język katalogowania
    • pol
    • e
    • Zasady katalogowania
    • rda
    • c
    • Instytucja, która sporządziła rekord (NP)
    • Ł U /MK
    • d
    • Instytucja, która zmodyfikowała rekord (P)
    • Ł U/AG
    • d
    • Instytucja, która zmodyfikowała rekord (P)
    • Ł U/JOs
    • d
    • Instytucja, która zmodyfikowała rekord (P)
    • KR U/AgP
    • d
    • Instytucja, która zmodyfikowała rekord (P)
    • KR U/42JCs
    • d
    • Instytucja, która zmodyfikowała rekord (P)
    • OLSZT 003/bak
942 -Rodzaj dokumentu [ , ]
    • c
    • Rodzaj dokumentu
    • Książka
100 -Hasło główne - nazwa osobowa [1, ]
    • a
    • Nazwa osobowa (NP)
    • Cackowski, Zdzisław
    • d
    • Daty biograficzne (NP)
    • (1930-2016).
    • e
    • Rodzaj współpracy
    • Autor
    • 9
    • KHW
    • 14423
245 -Strefa tytułu i oznaczenia odpowiedzialności [1,0]
    • a
    • Tytuł
    • Zasadnicze zagadnienia filozofii / Find
    • c
    • Pozostałe elementy strefy tytułu i oznaczenia odpowiedzialności (NP)
    • Zdzisław Cackowski.
260 -Strefa adresu wydawniczego [ , ]
    • a
    • Miejsce wydania (P)
    • Warszawa :
    • b
    • Nazwa wydawcy (P)
    • "Książka i Wiedza",
    • c
    • Data wydania (P)
    • 1989.
300 -Strefa opisu fizycznego [ , ]
    • a
    • Określenie formy książki i/lub objętość (NP)
    • 566 stron ;
    • c
    • Format (NP)
    • 24 cm.
336 -Typ zawartości [ , ]
    • a
    • Termin opisujący typ zawartości
    • Tekst
    • b
    • Kod określający zawartość
    • txt
    • 2
    • Źródło (terminu i kodu)
    • rdacontent
337 -Typ mediów [ , ]
    • a
    • Tryb odtwarzania
    • Bez urządzenia pośredniczącego
    • b
    • Kod typu mediów
    • n
    • 2
    • Źródło (terminu i kodu)
    • rdamedia
338 -Typ/rodzaj nośnika [ , ]
    • a
    • Hasło opisujące typ nośnika
    • Wolumin
    • b
    • Kod typu nośnika
    • nc
    • 2
    • Źródło (terminu i kodu)
    • rdacarrier
504 -Uwaga dot. bibliogr. załącznikowej [ , ]
    • a
    • Uwaga dot. bibliografii załącznikowej
    • Indeks.
080 -Uniwersalna Klasyfikacja Dziesiętna [ , ]
    • 2
    • Identyfikator wydania tablic
    • UDC-P022
    • a
    • Symbol klasyfikacji
    • 1
    • b
    • Dopowiedzenie
    • Filozofia. Psychologia.
650 -Hasło przedmiotowe [ ,7]
    • a
    • Hasło przedmiotowe
    • Filozofia
    • x
    • Określnik rzeczowy
    • historia
    • v
    • Określnik formalny
    • podręczniki akademickie.
    • 2
    • Źródło terminu
    • kaba
    • 9
    • KHW
    • 377314
980 -Symbol UKD [ , ]
    • a
    • UKD
    • 1
710 -Hasło dodatkowe - nazwa ciała zbiorowego [2, ]
    • a
    • Nazwa ciała zbiorowego lub nazwa geograficzna jako pierwszy element (NP)
    • Spółdzielnia Wydawniczo-Handlowa "Książka i Wiedza".
    • e
    • Rodzaj współpracy
    • Wydawca
    • 4
    • Kod relacji
    • pbl
    • 9
    • KHW
    • 52004
920 -ISBN [ , ]
    • a
    • ISBN
    • 83-05-11854-1 Find
Data inwentaryzacji Lokalizacja Numer inwentarzowy Sygnatura Uwagi nie widoczne w OPAC Status udost.
2007-05-11BEE.58841 przepisany-2
2007-05-11BES.68104 przepisany2
2007-05-11BES.68105 przepisany2
2007-05-11BES.68106 przepisany2
2007-05-11BES.68107 przepisany2
2007-05-11BES.68108 przepisany2
2007-05-11BES.68109 przepisany2
2007-05-11BES.68110 przepisany-3
2007-05-11BES.68111 przepisany-3
2007-05-11BES.68112 przepisany-3
2007-05-11BES.68113 przepisany2
2007-05-11BES.68114 przepisany2
2007-05-11BES.68115 przepisany2
2007-05-11BES.68116 przepisany2
2007-05-11BES.68117 przepisany2
2007-05-11BES.68118 przepisany2
2007-05-11BGZ.76771Z.76771przepisany1
2007-05-11BGZ.76772Z.76771przepisany-6
2007-05-11BGW.166700W.166699przepisany-3
2007-05-11BGW.166701W.166699przepisany-3
2007-05-11BGW.166704W.166699przepisany-3
2007-05-11BGW.166705W.166699przepisany2
2007-05-11BGW.166706W.166699przepisany2
2007-05-11BGW.166707W.166699przepisany2
2007-05-11BGW.166708W.166699przepisany2
2007-05-11BGW.166709W.166699przepisany2
2007-05-11BGW.166716W.166699przepisany2
2007-05-11BGW.166718W.166699przepisany2
BGW.166699W.166699przepisany-3
BGW.166702W.166699przepisany-3
BGW.166703W.166699przepisany-3
BGW.166710W.166699przepisany-3
BGW.166711W.166699przepisany-3
BGW.166712W.166699przepisany-3
BGW.166713W.166699przepisany-3
BGW.166714W.166699przepisany-3
BGW.166715W.166699przepisany-3
BGW.166717W.166699przepisany-3
2007-05-11BNSH.15787  1
 BNSF.21656 przepisany-3
 BNSF.21657 przepisany-3
 BNSF.21658 przepisany-3
 BSASA.3936SA.3936przepisany1